• 首页
  • 本馆介绍
  • 公告通知
  • 最新文献
  • 馆藏检索
  • 电子资源
  • 读者导购
  • 参考咨询
  • 我的图书馆
  • 登录
  • 详细信息显示
  • 放入我的书架
  • 预约/预借图书
  • 作者相关作品
  • 分类相关作品
  • 丛书相关作品
  • 出版社相关作品

书目信息

  • 表格格式
  • 工作单格式
  • 卡片格式
题名:
发展心理学
    
 
作者: 利伯特 著 ;刘范 译
分册:  
出版信息: 北京   人民教育出版社  1983
页数: 635页
开本: 21cm
丛书名:
单 册:
中图分类: B844 , B84
科图分类:
主题词: 心理学
电子资源:
ISBN:
000 00654nam0 2200253 45
001 1258264883
005 20090929093129.78
010    @dCNY2.40
091    @aCN@b7012.0665
100    @a19950420d1983 em y0chiy0121 ea
101 1  @achi@ceng
102    @aCN@b110000
105    @ay z 000yy
200 10 @a发展心理学@Afa zhan xin li xue@f(美)利伯特(R.M.Liebert)等著@g刘范等译
210    @a北京@c人民教育出版社@d1983
215    @a635页@d21cm
606 0  @a心理学
690    @aB844@v3
690    @aB84@v4
701  1 @a利伯特@Ali bo te@bR.M.@4著
702  0 @a刘范@Aliu fan@4译
801  0 @aCN@bTSSF
801  2 @aCN@bNLC
905    @a10447@dB84@eJY50
    
    发展心理学/(美)利伯特(R.M.Liebert)等著/刘范等译.-北京:人民教育出版社,1983
    635页;21cm
    
    
    ISBN :CNY2.40
    
●
相关链接 在E读中查询图书 在五车中查询图书 在当当中查询图书 在豆瓣中查询图书


正题名:发展心理学     索取号:B84/JY50         预约/预借

序号 登录号 条形码 馆藏地/架位号 状态 备注
1 7830198   278301981   学院路分馆/ [索取号:B84/JY50] 在馆    
2 7830199   278301990   学院路分馆/ [索取号:B84/JY50] 在馆    
3 7830200   278302007   学院路分馆/ [索取号:B84/JY50] 在馆    
唐山师范学院图书馆 欢迎您!
大连网信软件有限公司© 版权所有